000 00674cam a2200229 a 4500
001 000018461
005 20200929165818.0
008 930114s1993 xxc 000 1 eng d
020 _a0373115350
040 _aDO-SdBNP
_beng
_cLC
_dBNPHU
082 _a813.54
_bC951m
100 1 _aCross, Melinda.
_939949
245 1 0 _aMirror image /
_cMelinda Cross.
260 _aToronto :
_bMills & Boon,
_c1993.
300 _a187 p. ;
_c19 cm.
490 1 _aHarlequin Presents,
_v1535
650 4 _aNovela estadounidense
_9262
650 4 _aLiteratura estadounidense
_9263
830 0 _aHarlequin Presents,
_v1535
_939950
910 _aCatalogación por derivada / LC
049 _aBNGR
999 _c17981
_d17981